[Event "4NCL Division 4 South"]
[Site "Telford, ENG"]
[Date "2016.03.19"]
[Round "7.199"]
[White "Arutyunyan, Arutyun"]
[Black "Pollack, Oscar"]
[Result "0-1"]
[WhiteElo "1350"]
[BlackElo "1967"]
[PlyCount "120"]
[EventDate "2016.03.19"]
[WhiteTeam "Oxford 3"]
[BlackTeam "Barnet Knights 1"]

1. e4 e6 2. d4 d5 3. f3 dxe4 4. Nc3 Bb4 5. fxe4 Qh4+ 6. Ke2 Bxc3 7. bxc3 Qxe4+
8. Be3 Nf6 9. Nf3 Nd5 10. Qd2 Nxe3 11. Qxe3 Qxc2+ 12. Nd2 Nd7 13. Kf2 Nf6 14.
Be2 Qxd2 15. Qxd2 Ne4+ 16. Ke3 Nxd2 17. Kxd2 Bd7 18. Rhf1 Bc6 19. g3 O-O 20.
Ke3 Rfd8 21. Rad1 Rd6 22. Rd2 Rad8 23. Rfd1 Ba4 24. Rb1 Rb6 25. Rf1 Kf8 26. Bd3
h6 27. Rdf2 Be8 28. Rf4 Rb2 29. Re4 Kg8 30. Bc4 Bb5 31. Bxb5 Rxb5 32. c4 Rb2
33. d5 exd5 34. cxd5 Rd7 35. Re8+ Kh7 36. Rf8 Kg6 37. h4 h5 38. g4 hxg4 39. Rf4
Rxa2 40. Rxg4+ Kh7 41. h5 Rh2 42. Rf4 Rxh5 43. R8xf7 Rxf7 44. Rxf7 Rxd5 45.
Rxc7 Rb5 46. Kd4 a5 47. Kc4 Rb1 48. Kd3 a4 49. Kc2 Rb6 50. Kd2 a3 51. Rc1 a2
52. Ra1 Ra6 53. Kc3 g5 54. Kd4 Kg6 55. Ke4 Ra4+ 56. Ke5 g4 57. Ke6 g3 58. Ke5
g2 59. Ke6 Ra6+ 60. Ke5 Kf7 0-1

[Event "4NCL Division 4 South"]
[Site "Telford, ENG"]
[Date "2016.03.19"]
[Round "7.200"]
[White "Karia, Rishul"]
[Black "Tselos, Aristotelis"]
[Result "1-0"]
[WhiteElo "1937"]
[BlackElo "1403"]
[PlyCount "89"]
[EventDate "2016.03.19"]
[WhiteTeam "Barnet Knights 1"]
[BlackTeam "Oxford 3"]

1. e4 e5 2. Nf3 Nc6 3. d4 exd4 4. Bc4 Bc5 5. c3 dxc3 6. O-O d6 7. e5 dxe5 8.
Qxd8+ Kxd8 9. Nxc3 f6 10. Rd1+ Bd6 11. Be3 Ke8 12. Nb5 Ke7 13. Nd2 f5 14. Bxg8
Rxg8 15. Bg5+ Kf7 16. Nc4 f4 17. Ncxd6+ cxd6 18. Nxd6+ Ke6 19. f3 Nd4 20. Ne4
b6 21. Kf2 h6 22. Bxf4 Bb7 23. Be3 Bxe4 24. Bxd4 exd4 25. Re1 Rac8 26. Rxe4+
Kd5 27. Re2 Rge8 28. Rd2 Red8 29. Re1 Kc4 30. Re7 d3 31. Rxg7 Kd4 32. Rg4+ Ke5
33. Ke3 Rc2 34. Rxc2 dxc2 35. Rc4 Re8 36. Rxc2 Kf5+ 37. Kf2 Rd8 38. g4+ Kg5 39.
Kg3 h5 40. h4+ Kg6 41. Rc6+ Kh7 42. Rc7+ Kg6 43. Rxa7 hxg4 44. fxg4 Rd3+ 45.
Kf4 1-0

[Event "4NCL Division 4 South"]
[Site "Telford, ENG"]
[Date "2016.03.19"]
[Round "7.205"]
[White "George, Andrew P"]
[Black "Szwajkun, Richard"]
[Result "1-0"]
[WhiteElo "1982"]
[BlackElo "1765"]
[PlyCount "60"]
[EventDate "2016.03.19"]
[WhiteTeam "Ashfield-Breadsall 2"]
[BlackTeam "Shropshire 3"]

1. c4 e5 2. g3 Nf6 3. Bg2 d5 4. cxd5 Nxd5 5. Nc3 c6 6. Nf3 Bd6 7. d4 Nxc3 8.
bxc3 Qc7 9. O-O Nd7 10. Be3 Nb6 11. dxe5 Bxe5 12. Nxe5 Qxe5 13. Bd4 Qg5 14. Rb1
O-O 15. Qc2 Be6 16. f4 Qe7 17. f5 Bc4 18. f6 Qxe2 19. Qf5 g6 20. Qg5 Qh5 21.
Qxh5 gxh5 22. Rf5 Bd3 23. Rg5+ Bg6 24. Re1 Rfe8 25. Rge5 Rxe5 26. Rxe5 Nd5 27.
Bxd5 cxd5 28. Rxd5 Kf8 29. Bxa7 Ke8 30. Bb6 Be4 1-0

[Event "4NCL Division 4 South"]
[Site "Telford, ENG"]
[Date "2016.03.19"]
[Round "7.206"]
[White "Mehmood, Athar"]
[Black "Taylor, Robert P"]
[Result "1-0"]
[WhiteElo "1742"]
[BlackElo "1907"]
[PlyCount "33"]
[EventDate "2016.03.19"]
[WhiteTeam "Shropshire 3"]
[BlackTeam "Ashfield-Breadsall 2"]

1. e4 e5 2. Nf3 Nc6 3. Bc4 Bc5 4. d4 exd4 5. Ng5 Nh6 6. Nxf7 Bb4+ 7. c3 Nxf7 8.
Bxf7+ Kxf7 9. cxb4 Re8 10. O-O a6 11. Qh5+ Kg8 12. Bg5 Ne7 13. f4 d6 14. f5 Qd7
15. Nd2 b5 16. f6 gxf6 17. Rxf6 1-0

[Event "4NCL Division 4 South"]
[Site "Telford, ENG"]
[Date "2016.03.19"]
[Round "7.207"]
[White "Flynn, David"]
[Black "Kitchen, Peter J"]
[Result "1/2-1/2"]
[WhiteElo "1860"]
[BlackElo "1655"]
[PlyCount "45"]
[EventDate "2016.03.19"]
[WhiteTeam "Ashfield-Breadsall 2"]
[BlackTeam "Shropshire 3"]

1. e4 e6 2. d4 d5 3. e5 c5 4. c3 Nc6 5. Nf3 Qb6 6. a3 Bd7 7. b4 cxd4 8. cxd4
Rc8 9. Bb2 Na5 10. Nbd2 Nc4 11. Nxc4 dxc4 12. Rc1 Qa6 13. Be2 Ne7 14. O-O Nd5
15. Qd2 Be7 16. Rfe1 b5 17. Rc2 c3 18. Bxc3 Qxa3 19. Ra1 Qb3 20. Rac1 O-O 21.
Rb2 Qa3 22. Ra2 Qb3 23. Rb2 1/2-1/2

[Event "4NCL Division 4 South"]
[Site "Telford, ENG"]
[Date "2016.03.19"]
[Round "7.99"]
[White "Tennant, Stefan H"]
[Black "Graham, Neil"]
[Result "0-1"]
[WhiteElo "1652"]
[BlackElo "1830"]
[PlyCount "132"]
[EventDate "2016.03.19"]

1. d4 d5 2. Nf3 Bf5 3. Bf4 e6 4. e3 Nf6 5. Bd3 Bg6 6. O-O Bd6 7. Bg5 Nbd7 8. c4
dxc4 9. Bxc4 h6 10. Bh4 O-O 11. g4 c6 12. g5 hxg5 13. Bxg5 Be7 14. Bf4 Nd5 15.
Bxd5 exd5 16. Kh1 Bh5 17. Rg1 Nf6 18. Nbd2 Ne4 19. Qf1 Bh4 20. Bg3 Bxg3 21.
hxg3 Qf6 22. g4 Nxd2 23. Nxd2 Qh4+ 24. Kg2 Qxg4+ 25. Kh2 Qh4+ 26. Qh3 Qxh3+ 27.
Kxh3 f6 28. Rg3 Kf7 29. Rag1 g6 30. Kg2 Rh8 31. Rh3 Be2 32. Rgh1 Rxh3 33. Rxh3
Kg7 34. f3 Rh8 35. Rxh8 Kxh8 36. e4 dxe4 37. Nxe4 Kg7 38. Kf2 Bc4 39. a3 a5 40.
a4 Bd5 41. b4 axb4 42. a5 b3 43. Nc3 b2 44. Ke3 Ba2 45. Kd3 b1=Q+ 46. Nxb1
Bxb1+ 47. Kc4 Kf7 48. Kc5 Bd3 49. d5 cxd5 50. Kxd5 Ke7 51. Kc5 Ke6 52. Kd4 Be2
53. f4 Kf5 54. Ke3 Bb5 55. Kf3 Bc6+ 56. Kg3 Ke4 57. Kg4 Ke3 58. Kg3 f5 59. Kh4
Kxf4 60. Kh3 Ke3 61. Kh2 f4 62. Kg1 Ke2 63. Kh2 Kf2 64. Kh3 Kg1 65. Kg4 f3 66.
a6 bxa6 0-1

[Event "4NCL Division 4 South"]
[Site "Telford, ENG"]
[Date "2016.03.19"]
[Round "7.209"]
[White "Booley, Graham M"]
[Black "Peck, Windsor W A"]
[Result "0-1"]
[WhiteElo "1806"]
[BlackElo "1532"]
[PlyCount "44"]
[EventDate "2016.03.19"]
[WhiteTeam "Ashfield-Breadsall 2"]
[BlackTeam "Shropshire 3"]

1. e4 e6 2. d4 d5 3. exd5 exd5 4. Bd3 c5 5. c3 Bd6 6. Be3 cxd4 7. Bxd4 Nf6 8.
Nf3 Nc6 9. Qe2+ Be6 10. O-O O-O 11. Be3 Re8 12. Qc2 Rc8 13. a3 a6 14. Nbd2 h6
15. h3 Nd7 16. Nd4 Nxd4 17. Bxd4 Ne5 18. Bh7+ Kh8 19. Bf5 Qd7 20. Bxe6 Rxe6 21.
Rfe1 Rce8 22. Qf5 Nf3+ 0-1

[Event "4NCL Division 4 South"]
[Site "Telford, ENG"]
[Date "2016.03.19"]
[Round "7.99"]
[White "Szwajkun, Steve"]
[Black "Hill, Maurice J"]
[Result "0-1"]
[WhiteElo "1442"]
[BlackElo "1802"]
[PlyCount "140"]
[EventDate "2016.03.19"]

1. Nf3 Nf6 2. g3 g6 3. Bg2 Bg7 4. d3 d5 5. Nbd2 c6 6. O-O O-O 7. e4 dxe4 8.
dxe4 Re8 9. Qe2 e5 10. b3 Qc7 11. Bb2 Nbd7 12. Rad1 b5 13. b4 a5 14. c3 axb4
15. cxb4 Rxa2 16. Bc3 Bb7 17. Qd3 Raa8 18. Bh3 Rad8 19. Qb1 h6 20. Rfe1 Nh7 21.
Nb3 Nhf8 22. Nc5 Bc8 23. Nxd7 Bxd7 24. Bxd7 Nxd7 25. Nh4 Nb6 26. Qa1 Nc4 27.
Ng2 Ra8 28. Qc1 Kh7 29. Ne3 Nb6 30. h4 Red8 31. h5 Rxd1 32. Qxd1 Rd8 33. Qe2
Qd7 34. hxg6+ fxg6 35. Kg2 Qd3 36. Qxd3 Rxd3 37. Rc1 Rd6 38. g4 Nd7 39. Rh1 Rd3
40. Rd1 Rxd1 41. Nxd1 Bf8 42. Nb2 g5 43. Nd3 Bd6 44. Bd2 c5 45. bxc5 Nxc5 46.
Bb4 Nxe4 47. Bxd6 Nxd6 48. Nxe5 b4 49. Kf1 b3 50. Nd3 Nc4 51. f3 Kg7 52. Ke2 b2
53. Nxb2 Nxb2 54. Ke3 Kf6 55. Ke4 Nd1 56. f4 Nc3+ 57. Kf3 Nd5 58. f5 Ke5 59.
Kg3 Ke4 60. Kg2 Kf4 61. Kh3 Nf6 62. Kg2 Kxg4 63. Kh2 h5 64. Kg2 Kxf5 65. Kh3 h4
66. Kg2 g4 67. Kf2 Kf4 68. Kg2 Ne4 69. Kh2 Kf3 70. Kg1 Kg3 0-1

[Event "4NCL Division 4 South"]
[Site "Telford, ENG"]
[Date "2016.03.19"]
[Round "7.215"]
[White "Atalla, George"]
[Black "Hendy, Jerry"]
[Result "1/2-1/2"]
[WhiteElo "1615"]
[BlackElo "1832"]
[PlyCount "44"]
[EventDate "2016.03.19"]
[WhiteTeam "Barnet Knights 3"]
[BlackTeam "Throw in the Tal 2"]

1. d4 e6 2. Nf3 b6 3. g3 Bb7 4. Bg2 Be7 5. O-O Nf6 6. b3 O-O 7. Bb2 d6 8. c4
Nbd7 9. Nc3 Ne4 10. Qd3 Ndf6 11. Ne1 d5 12. cxd5 exd5 13. Nc2 Nxc3 14. Qxc3 Qd7
15. Nb4 c5 16. Nd3 Rac8 17. dxc5 bxc5 18. Qa5 Qc6 19. Ne5 Qb6 20. Qxb6 axb6 21.
Rfd1 Rfd8 22. Nd3 Bc6 1/2-1/2

[Event "4NCL Division 4 South"]
[Site "Telford, ENG"]
[Date "2016.03.19"]
[Round "7.216"]
[White "Olaleye, Oladejo"]
[Black "Hung, Dylan"]
[Result "1-0"]
[WhiteElo "1752"]
[BlackElo "1607"]
[PlyCount "53"]
[EventDate "2016.03.19"]
[WhiteTeam "Throw in the Tal 2"]
[BlackTeam "Barnet Knights 3"]

1. e4 c6 2. Nc3 d5 3. exd5 cxd5 4. d4 Nf6 5. Bb5+ Bd7 6. Bxd7+ Nbxd7 7. Nf3 e6
8. O-O a6 9. Re1 Bd6 10. Bg5 O-O 11. Ne5 Qc7 12. f4 b5 13. a3 Rab8 14. Qd3 h6
15. Bh4 Rfc8 16. Qh3 b4 17. axb4 Rxb4 18. Rxa6 Rxb2 19. Rc6 Qb8 20. Rxc8+ Qxc8
21. Nxf7 Kxf7 22. Qxe6+ Kf8 23. Qxd6+ Kg8 24. Qe6+ Kh8 25. Qh3 Rxc2 26. Bxf6
Rxc3 27. Qxh6+ 1-0

[Event "4NCL Division 4 South"]
[Site "Telford, ENG"]
[Date "2016.03.19"]
[Round "7.217"]
[White "Balouka-Myers, Toby"]
[Black "Woolgar, Steven G"]
[Result "0-1"]
[WhiteElo "1465"]
[BlackElo "1690"]
[PlyCount "86"]
[EventDate "2016.03.19"]
[WhiteTeam "Barnet Knights 3"]
[BlackTeam "Throw in the Tal 2"]

1. c4 c5 2. Nc3 g6 3. Nf3 Bg7 4. d4 cxd4 5. Nxd4 Nc6 6. e3 Nf6 7. Be2 O-O 8.
O-O d6 9. b3 Bd7 10. Bb2 a6 11. Qd2 Rc8 12. Rad1 Nxd4 13. exd4 Bf5 14. Bf3 Qc7
15. Rfe1 Rfe8 16. Qe3 Qd7 17. Na4 Qc7 18. d5 Bg4 19. Bd4 Bxf3 20. Qxf3 b5 21.
Nb6 Rcd8 22. Rc1 Qb7 23. a4 bxa4 24. bxa4 e5 25. Be3 Nd7 26. Rb1 Qc7 27. Nxd7
Rxd7 28. Bb6 Qxc4 29. a5 e4 30. Qb3 Qxb3 31. Rxb3 f5 32. f3 Bh6 33. Bd4 Bg7 34.
Bxg7 Kxg7 35. Rbe3 Rde7 36. fxe4 Rxe4 37. Kf2 Kf6 38. Kf3 Rxe3+ 39. Rxe3 Rxe3+
40. Kxe3 Ke5 41. h3 g5 42. g3 Kxd5 43. Kd3 h5 0-1

[Event "4NCL Division 4 South"]
[Site "Telford, ENG"]
[Date "2016.03.19"]
[Round "7.218"]
[White "Harris, John"]
[Black "Balouka-Myers, Raphael"]
[Result "1-0"]
[WhiteElo "1637"]
[BlackElo "1457"]
[PlyCount "85"]
[EventDate "2016.03.19"]
[WhiteTeam "Throw in the Tal 2"]
[BlackTeam "Barnet Knights 3"]

1. e4 e6 2. d4 d5 3. e5 c5 4. c3 Qb6 5. Nf3 Nc6 6. a3 Bd7 7. Be2 Nh6 8. O-O Nf5
9. b4 c4 10. Re1 O-O-O 11. a4 Be7 12. g3 Rdg8 13. a5 Qc7 14. Na3 Nb8 15. Bg5 h6
16. Bxe7 Nxe7 17. b5 Qd8 18. Qb1 g5 19. Qb4 a6 20. Qc5+ Bc6 21. bxc6 Nexc6 22.
Nc2 Nd7 23. Qa3 Ne7 24. Reb1 Nf5 25. Qb2 Qc7 26. Bf1 g4 27. Nd2 h5 28. Nxc4
dxc4 29. Bg2 b5 30. axb6 Qb8 31. Rxa6 Kd8 32. Ra8 Ke7 33. Rxb8 Rxb8 34. Qa3+
Ke8 35. b7 f6 36. Bc6 fxe5 37. dxe5 Rh7 38. Qa7 Rd8 39. b8=Q Rxb8 40. Rxb8+ Kf7
41. Qxd7+ Kg6 42. Qxe6+ Kg7 43. Qf6# 1-0

[Event "4NCL Division 4 South"]
[Site "Telford, ENG"]
[Date "2016.03.19"]
[Round "7.225"]
[White "Guha, Chirag"]
[Black "Hung, Jake"]
[Result "1-0"]
[WhiteElo "1907"]
[BlackElo "1810"]
[PlyCount "50"]
[EventDate "2016.03.19"]
[WhiteTeam "Midland Monarchs 2"]
[BlackTeam "Barnet Knights 2"]

1. d4 d5 2. Nf3 Nf6 3. c4 c6 4. g3 Nbd7 5. Bg2 e6 6. O-O Bd6 7. Nbd2 O-O 8. Qc2
Re8 9. b3 e5 10. dxe5 Nxe5 11. Bb2 dxc4 12. Bxe5 Bxe5 13. Nxe5 Rxe5 14. Nxc4
Rh5 15. Rad1 Qe7 16. Qd2 Bg4 17. Ne3 Bh3 18. Bxh3 Rxh3 19. Nf5 Qe6 20. Qg5 Ne8
21. Qg4 Rh6 22. Nxh6+ Qxh6 23. Qb4 b6 24. Qe7 Nf6 25. Rd8+ Rxd8 1-0

[Event "4NCL Division 4 South"]
[Site "Telford, ENG"]
[Date "2016.03.19"]
[Round "7.226"]
[White "Balouka Myers, Gabriel"]
[Black "Munshi, Aditya"]
[Result "0-1"]
[WhiteElo "1855"]
[BlackElo "1930"]
[PlyCount "114"]
[EventDate "2016.03.19"]
[WhiteTeam "Barnet Knights 2"]
[BlackTeam "Midland Monarchs 2"]

1. Nf3 Nf6 2. g3 g6 3. d4 Bg7 4. c4 O-O 5. Nc3 d6 6. Bg2 c6 7. O-O Qa5 8. e4
Nbd7 9. Bd2 Qc7 10. Qc2 e5 11. h3 exd4 12. Nxd4 Re8 13. Be3 Qa5 14. a3 Qh5 15.
b4 Ne5 16. g4 Nfxg4 17. hxg4 Nxg4 18. Nf3 Bxc3 19. Qxc3 Rxe4 20. Rfe1 Be6 21.
Nd4 Qh2+ 22. Kf1 Nxe3+ 23. Rxe3 Rg4 24. Rg3 Rxg3 25. fxg3 Bh3 26. Bxh3 Qxh3+
27. Kg1 Re8 28. Ra2 Re5 29. Re2 Rxe2 30. Nxe2 Qg4 31. Kf2 Qf5+ 32. Ke1 Qb1+ 33.
Kf2 Qf5+ 34. Ke1 Qe5 35. Qd3 Kg7 36. Kd1 f5 37. Nd4 Kf6 38. b5 c5 39. Ne2 g5
40. Nc3 Qd4 41. Ke2 Ke5 42. Qe3+ Qxe3+ 43. Kxe3 h5 44. Nd5 h4 45. gxh4 f4+ 46.
Nxf4 gxf4+ 47. Kf3 Kf5 48. h5 Kg5 49. h6 Kxh6 50. Kxf4 Kg6 51. Ke4 Kf6 52. Kd5
Ke7 53. a4 Kd7 54. Ke4 Ke6 55. a5 b6 56. a6 d5+ 57. Kd3 Ke5 0-1

[Event "4NCL Division 4 South"]
[Site "Telford, ENG"]
[Date "2016.03.19"]
[Round "7.227"]
[White "Bulmaga, Elena"]
[Black "Karia, Kamlesh"]
[Result "1-0"]
[WhiteElo "1781"]
[BlackElo "1637"]
[PlyCount "109"]
[EventDate "2016.03.19"]
[WhiteTeam "Midland Monarchs 2"]
[BlackTeam "Barnet Knights 2"]

1. d4 Nf6 2. c4 e6 3. Nc3 d5 4. Nf3 c6 5. Bg5 Nbd7 6. e3 Be7 7. Be2 Qc7 8. Qc2
b6 9. O-O h6 10. Bh4 g5 11. Bg3 Bd6 12. cxd5 Bxg3 13. dxe6 Bd6 14. exd7+ Bxd7
15. e4 Bf4 16. e5 g4 17. Nh4 O-O-O 18. g3 Nh5 19. gxf4 Nxf4 20. Ba6+ Kb8 21.
Qe4 Nh3+ 22. Kh1 b5 23. a4 b4 24. Ne2 Be6 25. Nf4 Nxf4 26. Qxf4 Qb6 27. Bd3
Rxd4 28. Qe3 Bd5+ 29. Kg1 g3 30. Nf5 gxf2+ 31. Rxf2 Rg4+ 32. Kf1 Qc7 33. Ng3
Re8 34. Re1 Qe7 35. Qxh6 Ka8 36. Qf6 Qc5 37. Rf4 Rgg8 38. Qd6 Qb6 39. Rxb4 Qa5
40. Be4 Qa6+ 41. Kg1 Rd8 42. Qc5 Bxe4 43. Rbxe4 Rd5 44. Qf2 Qd3 45. R4e3 Qg6
46. e6 Rf5 47. Qg2 Rc5 48. e7 Re8 49. Rd1 Kb7 50. Rb3+ Kc7 51. Qf2 Qg5 52. Qd4
Qxe7 53. Qb4 Rd5 54. Qb7+ Kd6 55. Nf5+ 1-0

[Event "4NCL Division 4 South"]
[Site "Telford, ENG"]
[Date "2016.03.19"]
[Round "7.228"]
[White "Balouka Myers, Reuben"]
[Black "Woodhouse, Stephen V"]
[Result "0-1"]
[WhiteElo "1667"]
[BlackElo "1855"]
[PlyCount "58"]
[EventDate "2016.03.19"]
[WhiteTeam "Barnet Knights 2"]
[BlackTeam "Midland Monarchs 2"]

1. Nf3 e6 2. g3 d5 3. Bg2 Nf6 4. d3 c5 5. O-O Nc6 6. Bf4 Bd6 7. Bxd6 Qxd6 8.
Na3 a6 9. c4 d4 10. Nc2 O-O 11. a3 Rb8 12. b4 e5 13. Rb1 Bg4 14. Qd2 Rfd8 15.
Rb2 e4 16. Ng5 exd3 17. exd3 b5 18. bxc5 Qxc5 19. Nb4 Nxb4 20. axb4 Qf5 21. c5
h6 22. Ne4 Bf3 23. Nd6 Qd5 24. Bxf3 Qxf3 25. Ra1 Ne8 26. Nxe8 Rxe8 27. Rxa6 Re7
28. Rba2 Rbe8 29. Ra7 Re2 0-1

[Event "4NCL Division 4 South"]
[Site "Telford, ENG"]
[Date "2016.03.19"]
[Round "7.229"]
[White "Green, Emily"]
[Black "Willmoth, Harrison"]
[Result "1/2-1/2"]
[WhiteElo "1742"]
[BlackElo "1667"]
[PlyCount "101"]
[EventDate "2016.03.19"]
[WhiteTeam "Midland Monarchs 2"]
[BlackTeam "Barnet Knights 2"]

1. e4 d6 2. d4 Nf6 3. Nc3 c6 4. f3 e5 5. Be3 Be7 6. Qd2 Nfd7 7. O-O-O b5 8. g4
Nb6 9. d5 b4 10. Nb1 c5 11. c3 a5 12. g5 Ba6 13. Bxa6 Nxa6 14. Nh3 Nc4 15. Qe2
Nxe3 16. Qxe3 Qd7 17. Nf2 Rb8 18. Rd2 h6 19. gxh6 gxh6 20. h4 Qd8 21. Qd3 Nc7
22. Ng4 h5 23. Ne3 Bxh4 24. Rdh2 Bg5 25. Rxh5 Rxh5 26. Rxh5 Qf6 27. Nd2 Bxe3
28. Qxe3 Ke7 29. Nc4 Rh8 30. Rxh8 Qxh8 31. Nxa5 Qh1+ 32. Kc2 bxc3 33. bxc3 Qg2+
34. Kb3 Qf1 35. Nc4 Qb1+ 36. Ka3 Nb5+ 37. Ka4 Qxa2+ 38. Kxb5 Qb3+ 39. Kc6 Qa4+
40. Kc7 Qa7+ 41. Kc6 Qa8+ 42. Kb6 Qb8+ 43. Ka5 Qa8+ 44. Kb5 Qe8+ 45. Ka6 Qa8+
46. Kb6 Qb8+ 47. Kc6 Qc8+ 48. Kb6 Qb8+ 49. Ka6 Qa8+ 50. Kb5 Qe8+ 51. Ka5
1/2-1/2

[Event "4NCL Division 4 South"]
[Site "Telford, ENG"]
[Date "2016.03.19"]
[Round "7.230"]
[White "Karia, Devin"]
[Black "Wiltshir, Richard"]
[Result "1/2-1/2"]
[WhiteElo "1712"]
[BlackElo "1765"]
[PlyCount "80"]
[EventDate "2016.03.19"]
[WhiteTeam "Barnet Knights 2"]
[BlackTeam "Midland Monarchs 2"]

1. d4 Nf6 2. Nf3 g6 3. Bf4 Bg7 4. c4 O-O 5. Nc3 d6 6. e3 Nbd7 7. h3 c5 8. Be2
Qb6 9. Rb1 cxd4 10. exd4 e5 11. dxe5 dxe5 12. Nxe5 Nxe5 13. Bxe5 Bf5 14. Rc1
Rad8 15. Qb3 Qc5 16. Bxf6 Bxf6 17. O-O Rfe8 18. Bf3 Bd3 19. Rfd1 Bh4 20. Nd5
Qxf2+ 21. Kh1 Be2 22. Bxe2 Rxe2 23. Qf3 Qxf3 24. gxf3 Rxb2 25. Ra1 b6 26. Rd4
Bg3 27. Ne7+ Kf8 28. Rxd8+ Kxe7 29. Rd4 Rh2+ 30. Kg1 Rc2 31. Re4+ Kf6 32. a4 g5
33. Kf1 Rf2+ 34. Kg1 Rd2 35. Kf1 Rf2+ 36. Kg1 Rd2 37. Kh1 Rh2+ 38. Kg1 Rd2 39.
Kh1 Rh2+ 40. Kg1 Rd2 1/2-1/2

[Event "4NCL Division 4 South"]
[Site "Telford, ENG"]
[Date "2016.03.19"]
[Round "7.190"]
[White "Ivanov, Elizabeth"]
[Black "Staniforth, Matthew"]
[Result "0-1"]
[WhiteElo "1558"]
[BlackElo "1857"]
[PlyCount "32"]
[EventDate "2016.03.19"]
[WhiteTeam "Cambridge University 3"]
[BlackTeam "West is Best 2"]

1. e4 d5 2. exd5 Nf6 3. Bc4 Nxd5 4. Qf3 e6 5. Ne2 Nc6 6. Bxd5 exd5 7. d4 Bd6 8.
c3 Ne7 9. Bf4 O-O 10. Nd2 Re8 11. O-O-O b5 12. g4 Rb8 13. h4 b4 14. g5 Ba6 15.
Rh3 Bxe2 16. Qxe2 Bxf4 0-1

[Event "4NCL Division 4 South"]
[Site "Telford, ENG"]
[Date "2016.03.19"]
[Round "7.196"]
[White "Villiers, Thomas"]
[Black "Bentham, Sam"]
[Result "1-0"]
[WhiteElo "2117"]
[BlackElo "1657"]
[PlyCount "41"]
[EventDate "2016.03.19"]
[WhiteTeam "Barnet Knights 1"]
[BlackTeam "Oxford 3"]

1. c4 c5 2. g3 g6 3. Bg2 Bg7 4. Nc3 Nc6 5. Nf3 e5 6. O-O Nge7 7. Ne1 O-O 8. Nc2
d6 9. Ne3 f5 10. d3 Rb8 11. Ned5 Be6 12. Rb1 Nb4 13. Bg5 Nbxd5 14. Nxd5 Rf7 15.
b4 h6 16. Bxe7 Rxe7 17. Nxe7+ Qxe7 18. Qa4 b6 19. bxc5 dxc5 20. Qc6 Rc8 21.
Qxe6+ 1-0

[Event "4NCL Division 4 South"]
[Site "Telford, ENG"]
[Date "2016.03.19"]
[Round "7.198"]
[White "Rocco, Federico"]
[Black "Riley, Adrian K"]
[Result "1-0"]
[WhiteElo "1982"]
[BlackElo "1619"]
[PlyCount "58"]
[EventDate "2016.03.19"]
[WhiteTeam "Barnet Knights 1"]
[BlackTeam "Oxford 3"]

1. e4 c6 2. d4 d5 3. exd5 cxd5 4. c4 Nf6 5. Nc3 e6 6. Nf3 a6 7. Bg5 Be7 8. cxd5
Nxd5 9. Bxe7 Nxe7 10. Bd3 Nd5 11. O-O b5 12. Re1 Bb7 13. Ne4 Nd7 14. Nd6+ Ke7
15. Nxb7 Qc7 16. Nc5 Nxc5 17. Rc1 Rac8 18. Rxc5 Qa5 19. Rxd5 Qxa2 20. Rde5 Rhd8
21. Qb1 Qb3 22. R5e3 Qb4 23. Bf5 Kf8 24. Bxe6 fxe6 25. Qxh7 Re8 26. Qh8+ Kf7
27. Qh5+ Kg8 28. Ng5 Qxd4 29. Qf7+ Kh8 1-0